MARC details
| 000 -LEADER |
| fixed length control field |
04761cam a2200517 i 4500 |
| 001 - CONTROL NUMBER |
| control field |
22130718 |
| 003 - CONTROL NUMBER IDENTIFIER |
| control field |
JO-AjAnu |
| 005 - DATE AND TIME OF LATEST TRANSACTION |
| control field |
20231127105420.0 |
| 008 - FIXED-LENGTH DATA ELEMENTS--GENERAL INFORMATION |
| fixed length control field |
210713t20202020onca b 000 0 eng |
| 010 ## - LIBRARY OF CONGRESS CONTROL NUMBER |
| LC control number |
2020446471 |
| 015 ## - NATIONAL BIBLIOGRAPHY NUMBER |
| National bibliography number |
20200252631 |
| Source |
can |
| 020 ## - INTERNATIONAL STANDARD BOOK NUMBER |
| International Standard Book Number |
9781487506025 |
| Qualifying information |
(cloth) |
| 020 ## - INTERNATIONAL STANDARD BOOK NUMBER |
| International Standard Book Number |
1487506023 |
| Qualifying information |
(cloth) |
| 020 ## - INTERNATIONAL STANDARD BOOK NUMBER |
| Canceled/invalid ISBN |
9781487533137 |
| Qualifying information |
(pdf) |
| 020 ## - INTERNATIONAL STANDARD BOOK NUMBER |
| Canceled/invalid ISBN |
9781487533144 |
| Qualifying information |
(epub) |
| 035 ## - SYSTEM CONTROL NUMBER |
| System control number |
(OCoLC)on1146573517 |
| 040 ## - CATALOGING SOURCE |
| Original cataloging agency |
NLC |
| Language of cataloging |
eng |
| Transcribing agency |
YDX |
| Description conventions |
rda |
| Modifying agency |
OCLCQ |
| -- |
NLC |
| -- |
OCLCF |
| -- |
YDX |
| -- |
GUA |
| -- |
OCLCO |
| -- |
EMU |
| -- |
DLC |
| -- |
JO-AjAnu |
| 042 ## - AUTHENTICATION CODE |
| Authentication code |
lac |
| -- |
pcc |
| 050 00 - LIBRARY OF CONGRESS CALL NUMBER |
| Classification number |
HG173 |
| Item number |
.T38 2020 |
| 082 04 - DEWEY DECIMAL CLASSIFICATION NUMBER |
| Classification number |
332.1 |
| Edition number |
23 |
| 084 ## - OTHER CLASSIFICATION NUMBER |
| Classification number |
cci1icc |
| Number source |
lacc |
| 245 04 - TITLE STATEMENT |
| Title |
The technological revolution in financial services : |
| Remainder of title |
how banks, fintechs, and customers win together / |
| Statement of responsibility, etc. |
edited by Michael R. King and Richard W. Nesbitt ; foreword by Paul Desmarais III. |
| 264 #1 - PRODUCTION, PUBLICATION, DISTRIBUTION, MANUFACTURE, AND COPYRIGHT NOTICE |
| Place of production, publication, distribution, manufacture |
Toronto ; |
| -- |
Buffalo ; |
| -- |
London : |
| Name of producer, publisher, distributor, manufacturer |
University of Toronto Press, |
| Date of production, publication, distribution, manufacture, or copyright notice |
[2020] |
| 264 #4 - PRODUCTION, PUBLICATION, DISTRIBUTION, MANUFACTURE, AND COPYRIGHT NOTICE |
| Date of production, publication, distribution, manufacture, or copyright notice |
©2020 |
| 300 ## - PHYSICAL DESCRIPTION |
| Extent |
xviii, 424 pages : |
| Other physical details |
illustrations ; |
| Dimensions |
24 cm |
| 336 ## - CONTENT TYPE |
| Content type term |
text |
| Content type code |
txt |
| Source |
rdacontent |
| 337 ## - MEDIA TYPE |
| Media type term |
unmediated |
| Media type code |
n |
| Source |
rdamedia |
| 338 ## - CARRIER TYPE |
| Carrier type term |
volume |
| Carrier type code |
nc |
| Source |
rdacarrier |
| 504 ## - BIBLIOGRAPHY, ETC. NOTE |
| Bibliography, etc. note |
Includes bibliographical references (varied pages). |
| 505 0# - FORMATTED CONTENTS NOTE |
| Formatted contents note |
Financial Technologies and the Disruption of Financial Services / R. Jesse McWaters -- The Economic Forces Driving Fintech Adoption across Countries / Jon Frost -- Banking and Finance since the Global Financial Crisis / Tiff Macklem -- Data and Privacy in the Next Decade / Brian O'Donnell -- How "Open" Is the Future of Banking? Data Sharing and Open Data Frameworks in Financial Services / Markos Zachariadis -- The Impact of Banking Regulation on Technological Innovation / Gregory P. Wilson -- The Competitive Threat from Techfins and Bigtech in Financial Services / Michael R. King -- Creating Strategic Value by Partnering with or Acquiring Fintechs / Jay Wilson -- A Fintech Founder's Perspective on the Future of Financial Services / Andrew Graham -- How the Global Asset-Management Industry Will Change / Richard W. Nesbitt and Satwik Sharma -- How the Global Asset-Management Industry Will Change / Richard W. Nesbitt and Satwik Sharma -- Treasury and Technology / Peter Levitt and Tom McGuire -- Technology and Reimagining the Future of Housing / Evan Siddall and Vicki Martin -- The Business Case for Gender Diversity in Financial Services / Brenda Trenowden -- Bank Strategy and Innovation Utilizing Technology / Richard W. Nesbitt. |
| 520 ## - SUMMARY, ETC. |
| Summary, etc. |
"The financial services industry is being transformed by heightened regulation, technological disruption, and changing demographics. These structural forces have lowered barriers to entry, increasing competition from within and outside the industry. While this industry is continuously evolving, the speed and breadth of changes over the past decade have been unprecedented. The new entrants in financial services range from entrepreneurial FinTech start-ups to large, non-financial technology-based companies (TechFins and BigTech). While some new entrants may be looking to replace incumbents, others are motivated to partner with them. This increased competition is forcing the financial incumbents to improve their product offerings and customer service. This edited volume outlines the strategic implications for financial services firms in North America, Europe, and other advanced economies. The most successful banks, insurance companies, and asset managers will partner with financial technology (FinTech) companies to provide a better and more innovative experience to retail customers and small businesses. Ultimately this technological revolution will benefit customers and lead to a more open and inclusive financial system."-- |
| Assigning source |
Provided by publisher. |
| 530 ## - ADDITIONAL PHYSICAL FORM AVAILABLE NOTE |
| Additional physical form available note |
Issued also in electronic format. |
| 650 #0 - SUBJECT ADDED ENTRY--TOPICAL TERM |
| Topical term or geographic name entry element |
Financial services industry |
| General subdivision |
Technological innovations. |
| 650 #0 - SUBJECT ADDED ENTRY--TOPICAL TERM |
| Topical term or geographic name entry element |
Financial institutions |
| General subdivision |
Technological innovations. |
| 650 #0 - SUBJECT ADDED ENTRY--TOPICAL TERM |
| Topical term or geographic name entry element |
Finance |
| General subdivision |
Technological innovations. |
| 650 #7 - SUBJECT ADDED ENTRY--TOPICAL TERM |
| Topical term or geographic name entry element |
Finance |
| General subdivision |
Technological innovations. |
| Source of heading or term |
fast |
| Authority record control number or standard number |
(OCoLC)fst00924426 |
| 650 #7 - SUBJECT ADDED ENTRY--TOPICAL TERM |
| Topical term or geographic name entry element |
Financial institutions |
| General subdivision |
Technological innovations. |
| Source of heading or term |
fast |
| Authority record control number or standard number |
(OCoLC)fst00924698 |
| 650 #7 - SUBJECT ADDED ENTRY--TOPICAL TERM |
| Topical term or geographic name entry element |
Financial services industry |
| General subdivision |
Technological innovations. |
| Source of heading or term |
fast |
| Authority record control number or standard number |
(OCoLC)fst00924777 |
| 700 1# - ADDED ENTRY--PERSONAL NAME |
| Personal name |
King, Michael R. |
| Fuller form of name |
(Michael Robert), |
| Dates associated with a name |
1967- |
| Relator term |
editor. |
| 700 1# - ADDED ENTRY--PERSONAL NAME |
| Personal name |
Nesbitt, Richard, |
| Dates associated with a name |
1955- |
| Relator term |
editor. |
| 700 1# - ADDED ENTRY--PERSONAL NAME |
| Personal name |
Desmarais III, Paul, |
| Relator term |
writer of foreword. |
| 776 08 - ADDITIONAL PHYSICAL FORM ENTRY |
| Relationship information |
Online version: |
| Title |
Technological revolution in financial services. |
| Place, publisher, and date of publication |
Toronto ; Buffalo ; London : University of Toronto Press, 2020 |
| International Standard Book Number |
1487533144 |
| -- |
9781487533144 |
| Record control number |
(OCoLC)1154313209 |
| 906 ## - LOCAL DATA ELEMENT F, LDF (RLIN) |
| a |
7 |
| b |
cbc |
| c |
copycat |
| d |
3 |
| e |
ncip |
| f |
20 |
| g |
y-gencatlg |
| 942 ## - ADDED ENTRY ELEMENTS (KOHA) |
| Source of classification or shelving scheme |
Library of Congress Classification |
| Koha item type |
Books |
| Suppress in OPAC |
No |